[Event "XXXII Memorial Edoardo Crespi B"]
[Site "Milano ITA"]
[Date "2011.12.08"]
[Round "3"]
[White "Ferrari, Claudio"]
[Black "Lanni, Vincenzo"]
[Result "1-0"]
[WhiteElo "1879"]
[BlackElo "1766"]
[PlyCount "43"]
[EventDate "2011.12.07"]

1. e4 g6 2. d4 Bg7 3. f4 d6 4. Nf3 c6 5. Bd3 Nf6 6. O-O O-O 7. Nc3 Qc7 8. Qe2
e6 9. e5 dxe5 10. fxe5 Nd5 11. Ne4 f5 12. exf6 Nxf6 13. Bg5 Ng4 14. h3 Nh6 15.
Bxh6 Bxh6 16. Ne5 Bf4 17. Rxf4 Rxf4 18. Rf1 Rxf1+ 19. Qxf1 Qe7 20. Nf6+ Kg7 21.
Nxh7 Kxh7 22. Nxg6 1-0

[Event "XXXII Memorial Edoardo Crespi B"]
[Site "Milano ITA"]
[Date "2011.12.08"]
[Round "3"]
[White "Forno, Roberto"]
[Black "Dobboletta, Alex"]
[Result "1-0"]
[WhiteElo "1911"]
[BlackElo "1939"]
[PlyCount "95"]
[EventDate "2011.12.07"]

1. d4 Nf6 2. Nf3 g6 3. c4 Bg7 4. Nc3 O-O 5. e4 d6 6. Be2 e5 7. O-O Nbd7 8. d5
h6 9. Nd2 Nh7 10. b4 f5 11. Nb3 f4 12. c5 Ndf6 13. a4 g5 14. h3 Bd7 15. Na5 Qc8
16. c6 bxc6 17. Nxc6 Rf7 18. Ra3 g4 19. hxg4 Nxg4 20. Nb5 h5 21. Nbxa7 Qf8 22.
Nb5 Bxc6 23. dxc6 Nhf6 24. f3 Nh6 25. Bc4 d5 26. exd5 Qxb4 27. Qc2 Qc5+ 28. Kh2
Kh8 29. Rd3 e4 30. Rd4 Nf5 31. Rxe4 Nxe4 32. fxe4 Be5 33. exf5 f3+ 34. g3 h4
35. Rxf3 Bxg3+ 36. Kh3 Qg1 37. Bb2+ Kh7 38. f6+ Kh8 39. Qg2 Qxg2+ 40. Kxg2 Rxa4
41. d6 Rxc4 42. d7 Rf8 43. f7+ Kh7 44. Bf6 Ra8 45. Kh3 Ra2 46. Nd4 Ra8 47. d8=Q
Rxd8 48. Bxd8 1-0

[Event "XXXII Memorial Edoardo Crespi B"]
[Site "Milano ITA"]
[Date "2011.12.08"]
[Round "3"]
[White "Ganci, Stefano"]
[Black "Popovich, Fabio"]
[Result "1/2-1/2"]
[WhiteElo "1920"]
[BlackElo "1847"]
[PlyCount "80"]
[EventDate "2011.12.07"]

1. b4 d5 2. Bb2 Bf5 3. e3 Nf6 4. c4 e6 5. Nf3 Nbd7 6. c5 c6 7. Nc3 b5 8. Nd4
Qc7 9. Nxf5 exf5 10. d3 a5 11. a3 Be7 12. g3 h5 13. h4 Ng4 14. Ne2 Bf6 15. d4
g6 16. Bg2 O-O 17. O-O Bxh4 18. Qd3 Bg5 19. Bc3 a4 20. Bd2 Rae8 21. Rae1 h4 22.
Nf4 Bxf4 23. exf4 Qd8 24. f3 hxg3 25. fxg4 Qh4 26. Rf3 Nf6 27. gxf5 Ne4 28.
Ree3 Nf2 29. Qe2 Rxe3 30. Qxe3 Ng4 31. Qe1 Nf2 32. Rxf2 gxf2+ 33. Qxf2 Qxf2+
34. Kxf2 Kg7 35. Bh3 Rh8 36. Kg3 Rh5 37. fxg6 f5 38. Bg2 Kxg6 39. Be3 Rh8 40.
Bf2 Rh7 1/2-1/2

[Event "XXXII Memorial Edoardo Crespi B"]
[Site "Milano ITA"]
[Date "2011.12.08"]
[Round "3"]
[White "Gemelli, Giovanni"]
[Black "Coppola, Federico"]
[Result "1-0"]
[WhiteElo "1759"]
[BlackElo "1858"]
[PlyCount "105"]
[EventDate "2011.12.07"]

1. e4 c5 2. Nf3 d6 3. d4 cxd4 4. Nxd4 Nf6 5. Nc3 g6 6. Be3 Bg7 7. f3 O-O 8. Qd2
Nc6 9. O-O-O d5 10. Nxc6 bxc6 11. exd5 cxd5 12. Nxd5 Nxd5 13. Qxd5 Qc7 14. Qc5
Qb7 15. Bd4 Bf5 16. Bd3 Rfc8 17. Qa3 Bxd4 18. Bxf5 Bxb2+ 19. Qxb2 Qxb2+ 20.
Kxb2 gxf5 21. Rd7 Kf8 22. Rhd1 Ke8 23. Rb7 Rab8 24. Rdd7 Rxb7+ 25. Rxb7 a6 26.
Rb6 Ra8 27. Rh6 Kd7 28. Rxh7 Ke6 29. Rh4 Rg8 30. g3 Kd5 31. c4+ Kc5 32. Kc3 Rg7
33. Rh5 e6 34. g4 Kc6 35. gxf5 exf5 36. Rxf5 Rh7 37. a3 Rxh2 38. Rxf7 Rf2 39.
f4 Rf3+ 40. Kb4 a5+ 41. Kxa5 Rxa3+ 42. Kb4 Rf3 43. Rf5 Rf1 44. c5 Rb1+ 45. Kc3
Rc1+ 46. Kd4 Rd1+ 47. Ke4 Re1+ 48. Kf3 Rg1 49. Re5 Rc1 50. Ke4 Rh1 51. Kf5 Rg1
52. Kf6 Rg2 53. Kf7 1-0

[Event "XXXII Memorial Edoardo Crespi B"]
[Site "Milano ITA"]
[Date "2011.12.08"]
[Round "3"]
[White "Giallombardo, Federico"]
[Black "Scagliotti, Guglielmo"]
[Result "1/2-1/2"]
[WhiteElo "1906"]
[BlackElo "1777"]
[PlyCount "80"]
[EventDate "2011.12.07"]

1. d4 f5 2. c4 g6 3. Nc3 Nf6 4. Nf3 Bg7 5. g3 O-O 6. Bg2 d6 7. O-O c6 8. Qc2
Na6 9. a3 Kh8 10. b3 Nc7 11. Bb2 Rb8 12. Rad1 b6 13. Ng5 h6 14. Nf3 g5 15. Nd2
c5 16. d5 b5 17. f3 bxc4 18. bxc4 Nd7 19. Na4 Nf6 20. e4 Bd7 21. Bc3 Qe8 22.
Nb2 fxe4 23. fxe4 Ng4 24. Bxg7+ Kxg7 25. Qc3+ Kh7 26. Rxf8 Qxf8 27. Rf1 Qg7 28.
Qxg7+ Kxg7 29. Nd3 Ba4 30. Rc1 Na8 31. Bf3 Nf6 32. Kf2 Nb6 33. e5 Nfd7 34. exd6
exd6 35. Ne4 Rd8 36. Nd2 Nf6 37. Nb2 Bd7 38. Re1 Re8 39. Rxe8 Bxe8 40. Bd1 Bg6
1/2-1/2

[Event "XXXII Memorial Edoardo Crespi B"]
[Site "Milano ITA"]
[Date "2011.12.08"]
[Round "3"]
[White "Grigioni, Giulio"]
[Black "Bonassi, Tommaso"]
[Result "0-1"]
[WhiteElo "1896"]
[BlackElo "1843"]
[PlyCount "66"]
[EventDate "2011.12.07"]

1. e4 c5 2. Nf3 e6 3. c3 d6 4. d4 cxd4 5. cxd4 Nf6 6. Nc3 Nc6 7. h3 a6 8. Bg5
Be7 9. Bd3 O-O 10. Qd2 Bd7 11. O-O Nb4 12. Bb1 b5 13. a3 Nc6 14. e5 Nd5 15. Qd3
g6 16. Bh6 Re8 17. Qe4 Nxc3 18. bxc3 dxe5 19. dxe5 Na5 20. Ba2 Rc8 21. Qf4 Nc4
22. Nd2 Nxd2 23. Qxd2 Bc6 24. Qe3 Qc7 25. Rfc1 Bxa3 26. Rd1 Bb7 27. c4 Qc6 28.
Qg3 bxc4 29. Bxc4 Bb2 30. f3 Bxa1 31. Rxa1 Qxc4 32. Qg5 Qd4+ 33. Kh2 Qd8 0-1

[Event "XXXII Memorial Edoardo Crespi B"]
[Site "Milano ITA"]
[Date "2011.12.08"]
[Round "3"]
[White "Lanzani, Giuliano"]
[Black "Brigatti, Lorenzo"]
[Result "1-0"]
[WhiteElo "1953"]
[BlackElo "1863"]
[PlyCount "55"]
[EventDate "2011.12.07"]

1. e4 Nf6 2. e5 Nd5 3. Ne2 d6 4. exd6 cxd6 5. Nbc3 Nxc3 6. Nxc3 g6 7. d4 Bg7 8.
Be3 a6 9. Bc4 Nc6 10. Qd2 Bd7 11. Ne4 Bf5 12. Ng3 Bd7 13. c3 e6 14. Bh6 Bxh6
15. Qxh6 Qe7 16. O-O-O O-O-O 17. Rhe1 d5 18. Bxd5 Qd6 19. Bf3 f5 20. h4 Na5 21.
Re5 Qb6 22. Rc5+ Kb8 23. Qf4+ Ka7 24. Qe5 Nc6 25. Bxc6 Bxc6 26. f3 Rd5 27. Rxd5
Bxd5 28. Qxh8 1-0

[Event "XXXII Memorial Edoardo Crespi B"]
[Site "Milano ITA"]
[Date "2011.12.08"]
[Round "3"]
[White "Manansala, Eduardo"]
[Black "Piantoni, Pierino"]
[Result "1-0"]
[WhiteElo "1912"]
[BlackElo "1932"]
[PlyCount "73"]
[EventDate "2011.12.07"]

1. c4 e5 2. Nc3 Nc6 3. g3 d6 4. Bg2 Be6 5. d3 Qd7 6. a3 a5 7. Rb1 Be7 8. e4 Nf6
9. Nd5 O-O 10. Ne2 Rac8 11. b4 Bh3 12. Bxh3 Qxh3 13. b5 Nxd5 14. bxc6 Nb6 15.
cxb7 Rb8 16. Ng1 Qd7 17. Bd2 a4 18. Ne2 Rxb7 19. O-O Rfb8 20. Qc2 Qc6 21. Nc3
Nd7 22. Nd5 Bf8 23. Nb4 Qb6 24. Be3 c5 25. Nd5 Qc6 26. Rxb7 Rxb7 27. Rb1 Rxb1+
28. Qxb1 Qa6 29. Bg5 f6 30. Bd2 Kf7 31. Qb5 Qa7 32. Ba5 Be7 33. Bc7 Nf8 34. Qc6
Ne6 35. Qd7 Nd8 36. Nxe7 Ne6 37. Nc6+ 1-0

[Event "XXXII Memorial Edoardo Crespi B"]
[Site "Milano ITA"]
[Date "2011.12.08"]
[Round "3"]
[White "Marinc, Damir"]
[Black "Rossi, Giampiero"]
[Result "1/2-1/2"]
[WhiteElo "2003"]
[BlackElo "1910"]
[PlyCount "55"]
[EventDate "2011.12.07"]

1. c4 e6 2. g3 d5 3. Bg2 c6 4. cxd5 exd5 5. d4 Nf6 6. Nc3 Bf5 7. Nf3 Be7 8. O-O
Nbd7 9. Nh4 Bg6 10. Re1 O-O 11. Nxg6 hxg6 12. Qc2 Re8 13. a3 Nf8 14. e3 Bd6 15.
Bd2 Qe7 16. Rad1 Ne4 17. Nxe4 dxe4 18. Bc3 Nh7 19. d5 c5 20. f3 exf3 21. Bxf3
Ng5 22. Bg2 Ne4 23. Bxe4 Qxe4 24. Qxe4 Rxe4 25. Kf2 Rae8 26. Kf3 f5 27. h3 Kf7
28. Rc1 1/2-1/2

[Event "XXXII Memorial Edoardo Crespi B"]
[Site "Milano ITA"]
[Date "2011.12.08"]
[Round "3"]
[White "Miracola, Giorgia"]
[Black "Marchini, Daniele"]
[Result "0-1"]
[WhiteElo "1763"]
[BlackElo "1813"]
[PlyCount "98"]
[EventDate "2011.12.07"]

1. e4 c5 2. Nf3 d6 3. d4 cxd4 4. Nxd4 Nf6 5. Nc3 a6 6. Be3 e5 7. Nb3 Be6 8. f4
exf4 9. Bxf4 Nc6 10. Qe2 Be7 11. h3 Ne5 12. O-O-O Qc7 13. Nd5 Nxd5 14. exd5 Bf5
15. Nd4 Bg6 16. g4 Rc8 17. Rh2 Qc4 18. Qxe5 dxe5 19. Bxc4 exf4 20. Bb3 O-O 21.
h4 h6 22. Rf1 Bd6 23. Nf3 Rc5 24. Re2 Bd3 25. Ree1 Bxf1 26. Rxf1 b5 27. Nd4 g6
28. h5 a5 29. a3 a4 30. Ba2 Be5 31. Nc6 Bd6 32. c3 Re8 33. hxg6 fxg6 34. Nd4 g5
35. Nf5 Bf8 36. d6+ Kh8 37. Bf7 Rd8 38. Rd1 Rxf5 39. gxf5 Rxd6 40. Rf1 Kg7 41.
Bh5 Rc6 42. Rf3 Kf6 43. Bg4 h5 44. Bxh5 Kxf5 45. Be8 Rc5 46. Bd7+ Ke4 47. Bg4
Rd5 48. Rh3 Rd6 49. Bf3+ Kf5 0-1

[Event "XXXII Memorial Edoardo Crespi B"]
[Site "Milano ITA"]
[Date "2011.12.08"]
[Round "3"]
[White "Montoli, Marco"]
[Black "Moroni, Luca"]
[Result "1/2-1/2"]
[WhiteElo "1929"]
[BlackElo "1847"]
[PlyCount "55"]
[EventDate "2011.12.07"]

1. c4 c5 2. Nf3 d6 3. g3 Nf6 4. Bg2 g6 5. Nc3 Bg7 6. O-O O-O 7. d4 cxd4 8. Nxd4
a6 9. b3 Qc7 10. Bb2 Nc6 11. Nxc6 bxc6 12. Qd2 Be6 13. Rac1 Qd7 14. Rfd1 Bh3
15. Bh1 Rac8 16. Na4 Qa7 17. Bd4 c5 18. Bb2 Bd7 19. Nc3 Be6 20. e4 Qc7 21. Ne2
Rcd8 22. Nf4 Nd7 23. Bxg7 Kxg7 24. Bg2 Ne5 25. Nxe6+ fxe6 26. f4 Nc6 27. Rf1
Nd4 28. Rcd1 1/2-1/2

[Event "XXXII Memorial Edoardo Crespi B"]
[Site "Milano ITA"]
[Date "2011.12.08"]
[Round "3"]
[White "Murli, Almerico"]
[Black "Sottroi, Carlo"]
[Result "1/2-1/2"]
[WhiteElo "1804"]
[BlackElo "1949"]
[PlyCount "55"]
[EventDate "2011.12.07"]

1. e4 e6 2. d4 d5 3. Nd2 Nf6 4. e5 Nfd7 5. Bd3 c5 6. c3 Nc6 7. Ne2 Qb6 8. Nf3
cxd4 9. cxd4 Bb4+ 10. Bd2 Bxd2+ 11. Qxd2 Qb4 12. Rc1 Qxd2+ 13. Nxd2 a6 14. O-O
O-O 15. Nb3 a5 16. Rfd1 a4 17. Nc5 Ra5 18. Nxd7 Bxd7 19. a3 Rc8 20. Rc3 Ne7 21.
Rxc8+ Nxc8 22. Rc1 Bc6 23. Nc3 Ne7 24. f4 g6 25. Kf2 Kg7 26. g4 h6 27. h4 f6
28. Ke3 1/2-1/2

[Event "XXXII Memorial Edoardo Crespi B"]
[Site "Milano ITA"]
[Date "2011.12.08"]
[Round "3"]
[White "Olivieri, Alessandro"]
[Black "Petrone, Gianmario"]
[Result "1/2-1/2"]
[WhiteElo "1936"]
[BlackElo "1937"]
[PlyCount "42"]
[EventDate "2011.12.07"]

1. d4 Nf6 2. c4 g6 3. g3 Bg7 4. Nf3 O-O 5. Bg2 d6 6. O-O Nc6 7. Nc3 a6 8. Qd3
Bf5 9. e4 Bg4 10. Be3 Nd7 11. Ne1 e5 12. d5 Nd4 13. h3 Nc5 14. Qd2 Bc8 15. b4
Nd7 16. Ne2 Nxe2+ 17. Qxe2 a5 18. Nd3 axb4 19. Rfb1 b6 20. Rxb4 f5 21. f3 f4
1/2-1/2

[Event "XXXII Memorial Edoardo Crespi B"]
[Site "Milano ITA"]
[Date "2011.12.08"]
[Round "3"]
[White "Olivo, Mario"]
[Black "Pelizzola, Danilo"]
[Result "0-1"]
[WhiteElo "1860"]
[BlackElo "1978"]
[PlyCount "136"]
[EventDate "2011.12.07"]

1. c4 Nf6 2. Nc3 e6 3. e4 d5 4. e5 d4 5. exf6 dxc3 6. bxc3 Qxf6 7. d4 c5 8. Nf3
h6 9. Bd3 cxd4 10. cxd4 Bb4+ 11. Bd2 Bxd2+ 12. Qxd2 Nc6 13. Qc3 O-O 14. O-O Rd8
15. Rad1 b6 16. Be4 Bb7 17. Bxc6 Bxc6 18. Ne5 Bb7 19. Qe3 Qg5 20. g3 Qxe3 21.
fxe3 f6 22. Nf3 Rac8 23. Rc1 Rc7 24. Rc3 Bxf3 25. Rxf3 e5 26. dxe5 fxe5 27. Rf2
Rc5 28. a4 Rdc8 29. Rfc2 Kf7 30. Kf2 e4 31. Ke2 Ke6 32. Kd2 Ke5 33. Kc1 Rf8 34.
Kb2 Rf3 35. Rd2 Ra5 36. Ra3 Rf1 37. Kc2 Rc5 38. Rc3 Ra1 39. Rd8 Rxa4 40. Re8+
Kf5 41. Kb3 Rca5 42. Rf8+ Kg6 43. Rf4 Ra3+ 44. Kc2 Ra2+ 45. Kb1 Ra1+ 46. Kb2
R5a2+ 47. Kb3 Ra3+ 48. Kb2 R1a2+ 49. Kb1 Rxc3 50. Kxa2 Rxc4 51. Kb3 b5 52. h4
a5 53. g4 a4+ 54. Kb2 b4 55. Rf2 Rc3 56. Re2 Kf6 57. Re1 Ke6 58. Re2 Kd5 59.
Re1 Kc4 60. g5 hxg5 61. hxg5 Kd3 62. Rd1+ Kxe3 63. Rd7 Rd3 64. Rxg7 Rd2+ 65.
Kc1 Rg2 66. g6 a3 67. Kb1 b3 68. Rb7 Rg1# 0-1

[Event "XXXII Memorial Edoardo Crespi B"]
[Site "Milano ITA"]
[Date "2011.12.08"]
[Round "3"]
[White "Papa, Angelo"]
[Black "Kimbin, Richard Conrod"]
[Result "0-1"]
[WhiteElo "1850"]
[BlackElo "1937"]
[PlyCount "76"]
[EventDate "2011.12.07"]

1. d4 Nf6 2. c4 g6 3. Nc3 Bg7 4. e4 d6 5. f3 Nc6 6. Be3 e5 7. d5 Ne7 8. Bd3 Nh5
9. g4 Nf4 10. Qd2 Nxd3+ 11. Qxd3 f5 12. gxf5 gxf5 13. O-O-O f4 14. Bf2 Ng6 15.
Nge2 Bf6 16. c5 Bh4 17. Bxh4 Nxh4 18. cxd6 Qxd6 19. Rhg1 Bd7 20. Kb1 O-O-O 21.
Rc1 Kb8 22. Ka1 a6 23. Rcf1 Qb6 24. Rg5 Rhe8 25. Rfg1 Qf2 26. d6 c6 27. Rg7
Qxf3 28. Qc4 Be6 29. Qb4 Rd7 30. Re7 Rdxe7 31. dxe7 Kc8 32. Qd6 Qh3 33. Na4 Qe3
34. Qxe6+ Kb8 35. Qd7 f3 36. Qd8+ Ka7 37. Qxe8 fxe2 38. Qd7 e1=Q+ 0-1

[Event "XXXII Memorial Edoardo Crespi B"]
[Site "Milano ITA"]
[Date "2011.12.08"]
[Round "3"]
[White "Rechi Montes, Xavier"]
[Black "Guzzetti, Luigi Enrico"]
[Result "1-0"]
[WhiteElo "1900"]
[BlackElo "1928"]
[PlyCount "57"]
[EventDate "2011.12.07"]

1. e4 c5 2. d4 cxd4 3. c3 d3 4. Bxd3 Nc6 5. Nf3 d6 6. h3 Nf6 7. O-O e6 8. Bf4
e5 9. Be3 Be7 10. c4 O-O 11. Nc3 Be6 12. Rc1 Rc8 13. b3 a6 14. Bb1 Re8 15. Qe2
Bf8 16. Rfd1 Qe7 17. Rd2 g6 18. Rcd1 Red8 19. Na4 Qe8 20. Nb6 Rb8 21. Bg5 Kg7
22. Qe3 Be7 23. Bxf6+ Kxf6 24. Qh6 Qg8 25. Ng5 Bf8 26. Nxh7+ Ke7 27. Qg5+ f6
28. Qxf6+ Ke8 29. Nxf8 1-0

[Event "XXXII Memorial Edoardo Crespi B"]
[Site "Milano ITA"]
[Date "2011.12.08"]
[Round "3"]
[White "Regorda, Vittorio"]
[Black "Falconieri, Goffredo"]
[Result "1-0"]
[WhiteElo "1844"]
[BlackElo "1789"]
[PlyCount "107"]
[EventDate "2011.12.07"]

1. d4 d5 2. c4 Nf6 3. Nf3 c6 4. g3 dxc4 5. Bg2 g6 6. O-O Bg7 7. Ne5 Nbd7 8.
Nxc4 O-O 9. Nc3 Re8 10. Qc2 e5 11. Nd6 Rf8 12. dxe5 Nxe5 13. Nxc8 Rxc8 14. Rd1
Qe7 15. Bg5 h6 16. Bf4 Rfd8 17. Rxd8+ Rxd8 18. Rd1 Rxd1+ 19. Qxd1 Nfd7 20. Ne4
g5 21. Bc1 Bf8 22. Bh3 Nb6 23. Nc3 g4 24. Bg2 Qd7 25. Qxd7 Nbxd7 26. Be4 Bg7
27. Bf5 Kf8 28. Kg2 Ke7 29. f4 gxf3+ 30. exf3 a6 31. f4 Nc4 32. Nd1 c5 33. b3
Nd6 34. Bd3 a5 35. Ne3 Nb6 36. a4 Bd4 37. Nc2 Bg7 38. Na3 Nd5 39. Nc4 Nxc4 40.
Bxc4 Kd6 41. g4 b6 42. h4 Bd4 43. Kf3 Bg7 44. Bd2 Bf6 45. Ke4 Nc3+ 46. Bxc3
Bxc3 47. Bxf7 Bf6 48. g5 hxg5 49. hxg5 Bc3 50. Bc4 Ke7 51. Kf5 Bd2 52. Kg4 Kf8
53. f5 Bc3 54. f6 1-0

[Event "XXXII Memorial Edoardo Crespi B"]
[Site "Milano ITA"]
[Date "2011.12.08"]
[Round "3"]
[White "Roversi, Stefano"]
[Black "Pandini, Giuseppe"]
[Result "1-0"]
[WhiteElo "1836"]
[BlackElo "1785"]
[PlyCount "125"]
[EventDate "2011.12.07"]

1. e4 b6 2. d4 e6 3. Nf3 Bb7 4. Bd3 Be7 5. Nc3 Nf6 6. O-O O-O 7. h3 Nc6 8. e5
Ne8 9. d5 Nb4 10. Be4 exd5 11. Nxd5 Nxd5 12. Bxd5 Bxd5 13. Qxd5 c6 14. Qe4 Nc7
15. Qg4 Ne6 16. Be3 c5 17. Rad1 Qc7 18. Rd2 Rad8 19. Rfd1 Qc6 20. Ng5 Nxg5 21.
Bxg5 Bxg5 22. Qxg5 Rfe8 23. Rd6 Qc7 24. f4 c4 25. Qg3 Re6 26. f5 Qc5+ 27. Kh2
Rxe5 28. Rxd7 Rde8 29. Rd8 Kf8 30. Rxe8+ Kxe8 31. Qxg7 Rxf5 32. Qg8+ Ke7 33.
Qd8+ Ke6 34. Qd7+ Kf6 35. Qxa7 Qe5+ 36. Kh1 Qxb2 37. Qb8 Qxc2 38. Qxb6+ Kg7 39.
Qd4+ f6 40. Qa7+ Kg6 41. Rd7 Qc1+ 42. Kh2 Qf4+ 43. Kg1 Re5 44. Rg7+ Kf5 45.
Qd7+ Re6 46. Rg4 Qe3+ 47. Kh2 c3 48. Qxh7+ Ke5 49. Qc7+ Rd6 50. Rg3 Qf4 51.
Qxc3+ Ke4 52. Qf3+ Qxf3 53. Rxf3 Ra6 54. a3 f5 55. Kg3 Rg6+ 56. Kf2 Rc6 57.
Re3+ Kf4 58. g3+ Kg5 59. Kf3 Rc1 60. h4+ Kh5 61. Kf4 Rf1+ 62. Rf3 Rc1 63. Kxf5
1-0

[Event "XXXII Memorial Edoardo Crespi B"]
[Site "Milano ITA"]
[Date "2011.12.08"]
[Round "3"]
[White "Saffioti, Cristian"]
[Black "Barolo, Andrea"]
[Result "0-1"]
[WhiteElo "1916"]
[BlackElo "1944"]
[PlyCount "48"]
[EventDate "2011.12.07"]

1. e4 e5 2. Nf3 Nc6 3. Bb5 a6 4. Ba4 Nf6 5. O-O Be7 6. Re1 b5 7. Bb3 O-O 8. c3
d5 9. exd5 Nxd5 10. Nxe5 Nxe5 11. Rxe5 c6 12. Bxd5 cxd5 13. d4 Bd6 14. Re1 Qh4
15. g3 Qh3 16. Qf3 Bg4 17. Qg2 Qh5 18. Be3 Bf3 19. Qf1 f5 20. Bd2 f4 21. Re5
Bxe5 22. dxe5 fxg3 23. fxg3 Be4 24. Qe1 Qf3 0-1

[Event "XXXII Memorial Edoardo Crespi B"]
[Site "Milano ITA"]
[Date "2011.12.08"]
[Round "3"]
[White "Saffioti, Massimo"]
[Black "Mondal, Prince"]
[Result "1-0"]
[WhiteElo "1869"]
[BlackElo "1786"]
[PlyCount "71"]
[EventDate "2011.12.07"]

1. e4 c5 2. c4 d6 3. Nc3 Nf6 4. g3 Nc6 5. Nge2 a6 6. Bg2 e6 7. O-O Qc7 8. b3
Be7 9. d4 cxd4 10. Nxd4 Bd7 11. Be3 O-O 12. Nc2 Na5 13. Rc1 Rac8 14. Qd4 Ng4
15. Rfd1 Nxe3 16. Nxe3 Rfd8 17. Ne2 Nc6 18. Qd2 Qb8 19. f4 Be8 20. h4 b5 21. f5
Ne5 22. fxe6 fxe6 23. Nf4 Bf7 24. Qe2 Qb6 25. Kf1 Rc5 26. Bh3 Rf8 27. Kg2 Qc6
28. Qc2 Qd7 29. Qb1 Ng6 30. Nd3 Rc7 31. c5 Rfc8 32. Nd5 Rc6 33. Nb6 Qd8 34.
Nxc8 Rxc8 35. cxd6 Rxc1 36. dxe7 1-0

[Event "XXXII Memorial Edoardo Crespi B"]
[Site "Milano ITA"]
[Date "2011.12.08"]
[Round "3"]
[White "Sala, Giovanni"]
[Black "Motola, Jacopo"]
[Result "1/2-1/2"]
[WhiteElo "1985"]
[BlackElo "1903"]
[PlyCount "120"]
[EventDate "2011.12.07"]

1. c4 c5 2. g3 Nc6 3. Bg2 Nf6 4. Nc3 g6 5. Nf3 Bg7 6. O-O d6 7. d3 Bd7 8. a3
Qc8 9. Rb1 Bh3 10. Nd5 Bxg2 11. Kxg2 h5 12. h4 Nxd5 13. cxd5 Ne5 14. Qa4+ Qd7
15. Qxd7+ Kxd7 16. Nxe5+ Bxe5 17. a4 b5 18. axb5 Rhb8 19. f4 Bf6 20. e4 Bd4 21.
Ra1 Rxb5 22. Ra2 a5 23. f5 Rab8 24. fxg6 fxg6 25. Kh3 Ke8 26. Rf3 R8b7 27. g4
hxg4+ 28. Kxg4 Bf6 29. Ra3 Rb8 30. Ra2 Kd7 31. Rf2 Rh8 32. Bg5 Bxg5 33. Kxg5
Rh5+ 34. Kg4 Ke8 35. Ra1 Re5 36. Ra4 e6 37. dxe6 Rxe6 38. Ra3 c4 39. dxc4 Rxe4+
40. Rf4 Rxf4+ 41. Kxf4 Rc5 42. Re3+ Kf7 43. b3 Kf6 44. Rd3 Rf5+ 45. Kg4 Ke6 46.
Re3+ Kd7 47. Re4 Rc5 48. Re3 a4 49. bxa4 Rxc4+ 50. Kg5 Rxa4 51. Rh3 Ke6 52.
Kxg6 Rg4+ 53. Kh5 Rg1 54. Kh6 d5 55. h5 d4 56. Kh7 Ke5 57. h6 Ke4 58. Kh8 d3
59. Rxd3 Kxd3 60. h7 Rg2 1/2-1/2

[Event "XXXII Memorial Edoardo Crespi B"]
[Site "Milano ITA"]
[Date "2011.12.08"]
[Round "3"]
[White "Silari, Andrea"]
[Black "Arboscelli, Gregorio"]
[Result "1/2-1/2"]
[WhiteElo "1784"]
[BlackElo "1907"]
[PlyCount "138"]
[EventDate "2011.12.07"]

1. e4 e5 2. Nf3 Nc6 3. Bb5 a6 4. Ba4 Nf6 5. O-O Be7 6. c3 b5 7. Bc2 O-O 8. Re1
d6 9. h3 Nb8 10. d4 Nbd7 11. Nbd2 Bb7 12. Nf1 Re8 13. Ng3 g6 14. Bh6 Bf8 15.
Qd2 Qe7 16. d5 Bxh6 17. Qxh6 Qf8 18. Qxf8+ Rxf8 19. a4 bxa4 20. Rxa4 Nb6 21.
Ra2 Rfb8 22. Bd3 Ra7 23. Rea1 Nfd7 24. b4 Rba8 25. Nd2 c5 26. dxc6 Bxc6 27.
Rxa6 Rxa6 28. Rxa6 Rxa6 29. Bxa6 Nb8 30. Bd3 Kf8 31. Ne2 Ke7 32. f3 N8d7 33.
Kf2 d5 34. exd5 Nxd5 35. b5 Nc5 36. Bc4 Bb7 37. Bxd5 Bxd5 38. c4 Bb7 39. g4 f5
40. gxf5 gxf5 41. Ng3 Ke6 42. Ke2 h6 43. h4 Kf6 44. Kd1 Ke6 45. Kc2 e4 46. fxe4
fxe4 47. Ndf1 Ke5 48. Ne3 Bc8 49. Nd5 Be6 50. Ne3 Kf4 51. Ngf1 Kf3 52. Kc3 Bh3
53. Kd2 Bxf1 54. Nxf1 Kf2 55. Ne3 Nb3+ 56. Kc3 Kxe3 57. Kxb3 Kf2 58. b6 e3 59.
b7 e2 60. b8=Q e1=Q 61. Qf4+ Kg2 62. Qxh6 Qb1+ 63. Ka4 Qa2+ 64. Kb5 Qb3+ 65.
Kc5 Qa3+ 66. Kd5 Qd3+ 67. Kc5 Qa3+ 68. Kd4 Qb2+ 69. Ke4 Qc2+ 1/2-1/2

[Event "XXXII Memorial Edoardo Crespi B"]
[Site "Milano ITA"]
[Date "2011.12.08"]
[Round "3"]
[White "Trent, Alan M."]
[Black "Patrucco, Carlo"]
[Result "1/2-1/2"]
[WhiteElo "1759"]
[BlackElo "1884"]
[PlyCount "55"]
[EventDate "2011.12.07"]

1. e4 c5 2. Nc3 Nc6 3. f4 d6 4. Nf3 Nf6 5. Bc4 Bg4 6. O-O e6 7. d3 a6 8. h3
Bxf3 9. Rxf3 b5 10. Bb3 Be7 11. Ne2 Na5 12. Qe1 Nxb3 13. axb3 O-O 14. g4 d5 15.
e5 Nd7 16. g5 Qb6 17. Kg2 c4 18. bxc4 bxc4 19. d4 f6 20. exf6 gxf6 21. c3 fxg5
22. Rg3 Nf6 23. Re3 Ne4 24. Rf3 Kh8 25. Ng3 Nxg3 26. Kxg3 Bd6 27. Kg2 Bc7 28.
f5 1/2-1/2

[Event "XXXII Memorial Edoardo Crespi B"]
[Site "Milano ITA"]
[Date "2011.12.09"]
[Round "4"]
[White "Arboscelli, Gregorio"]
[Black "Miracola, Giorgia"]
[Result "0-1"]
[WhiteElo "1907"]
[BlackElo "1763"]
[PlyCount "92"]
[EventDate "2011.12.07"]

1. d4 d5 2. c4 e6 3. Nc3 c6 4. cxd5 exd5 5. Nf3 Bf5 6. Bg5 Be7 7. Bxe7 Qxe7 8.
e3 Nf6 9. Be2 h6 10. O-O O-O 11. Qa4 Nbd7 12. Rac1 Ne8 13. Qd1 a6 14. Bd3 Bxd3
15. Qxd3 Nd6 16. Na4 Rfe8 17. Nc5 Nxc5 18. dxc5 Ne4 19. Qd4 a5 20. a4 Ng5 21.
Kh1 Nxf3 22. gxf3 Qe5 23. Rcd1 Qh5 24. Qf4 Re6 25. Rg1 Rf6 26. Qg4 Qxg4 27.
fxg4 Rxf2 28. Rg2 Rf3 29. Re2 Re8 30. Rde1 Re4 31. Kg2 Rf6 32. Kg3 Rxa4 33. Rc1
Re6 34. Kf3 Rae4 35. Rc3 d4 36. Rd3 Rxe3+ 37. Rexe3 Rxe3+ 38. Rxe3 dxe3 39.
Kxe3 Kf8 40. Ke4 Ke7 41. Ke5 g6 42. b3 f6+ 43. Kf4 Ke6 44. Ke4 f5+ 45. gxf5+
gxf5+ 46. Kf4 Kd5 0-1

[Event "XXXII Memorial Edoardo Crespi B"]
[Site "Milano ITA"]
[Date "2011.12.09"]
[Round "4"]
[White "Arnold, Daniele"]
[Black "Alberio, Silvio"]
[Result "1/2-1/2"]
[WhiteElo "1824"]
[BlackElo "1755"]
[PlyCount "126"]
[EventDate "2011.12.07"]

1. e4 e6 2. d4 d5 3. Nc3 Bb4 4. e5 Ne7 5. a3 Bxc3+ 6. bxc3 c5 7. Qg4 Nbc6 8.
Nf3 cxd4 9. cxd4 Qc7 10. Bd2 Bd7 11. Qxg7 Rg8 12. Qxh7 Na5 13. g3 Ba4 14. Bd3
Nc4 15. Ng5 Nxe5 16. Be2 Bxc2 17. Rc1 Bxh7 18. Rxc7 Nd3+ 19. Kf1 Bg6 20. Rxb7
Nc6 21. Nf3 Be4 22. Rb3 Rb8 23. Rxd3 Rb1+ 24. Be1 Bxd3 25. Bxd3 Rb3 26. Ke2 Rg4
27. a4 Nxd4+ 28. Nxd4 Rxd4 29. Bb5+ Ke7 30. Bd2 a6 31. Bxa6 Rxa4 32. Bd3 Rd4
33. Bc2 Rb2 34. Rc1 Rc4 35. Kd1 Rd4 36. Rb1 Ra2 37. Rb4 Rxb4 38. Bxb4+ Kf6 39.
Bc3+ Kg5 40. h4+ Kg4 41. Kd2 Kf3 42. Bd4 f5 43. h5 Ra6 44. Kc3 Rc6+ 45. Kd3 Kg4
46. Bd1+ Kg5 47. Be3+ Kf6 48. Bb3 Rc7 49. Kd4 Rc6 50. h6 Rc7 51. Bf4 Rb7 52.
Bd1 Rb4+ 53. Kc5 Rc4+ 54. Kd6 Re4 55. Bh5 d4 56. Bg5+ Kxg5 57. h7 Kxh5 58.
h8=Q+ Kg4 59. Kc5 Kf3 60. Kc4 Kxf2 61. Qh2+ Kf3 62. Kd3 Kg4 63. Qg2 e5 1/2-1/2

[Event "XXXII Memorial Edoardo Crespi B"]
[Site "Milano ITA"]
[Date "2011.12.09"]
[Round "4"]
[White "Barolo, Andrea"]
[Black "Cerioni, Armando"]
[Result "0-1"]
[WhiteElo "1944"]
[BlackElo "1949"]
[PlyCount "88"]
[EventDate "2011.12.07"]

1. e4 c5 2. c3 e6 3. d4 d5 4. exd5 Qxd5 5. Nf3 Nf6 6. Na3 Nc6 7. Nb5 Qd8 8.
dxc5 Bxc5 9. Qxd8+ Kxd8 10. Bf4 Nd5 11. O-O-O Ke7 12. Bg3 a6 13. Nbd4 Rd8 14.
Nxc6+ bxc6 15. Bd3 Nf6 16. Ne5 Bb7 17. Bh4 Rd5 18. Ng4 h6 19. Nxf6 gxf6 20. Be4
Rxd1+ 21. Rxd1 Rg8 22. b4 Rg4 23. Bg3 Rxe4 24. bxc5 e5 25. f3 Rc4 26. Bf2 Rxc3+
27. Kb2 Rc4 28. g3 Rb4+ 29. Kc3 a5 30. Be3 h5 31. a3 Rb5 32. h4 f5 33. Kc2 Ba8
34. Rd6 f6 35. Rd3 Rb8 36. Rb3 Rg8 37. f4 Ke6 38. Bf2 exf4 39. gxf4 Rg4 40. Rf3
Kd5 41. Kd3 Bb7 42. Be1 Rg2 43. Bc3 Ba6+ 44. Ke3 Re2# 0-1